| 000 | 00594nam a2200205 i 4500 | ||
|---|---|---|---|
| 001 | 13682 | ||
| 003 | ES-MaACL | ||
| 005 | 20230906150636.0 | ||
| 007 | t| | ||
| 008 | 980527s1995 fr d |||| | fre d | ||
| 020 | _a2-02-022459-3 | ||
| 080 | _a177.1 | ||
| 080 | _a395 | ||
| 245 | 0 | 0 |
_aDictionnaire raisonné de la politesse et du savoir-vivre _b: du moyen âge áa nos jours / _csous la direction d'Alain Montandon. |
| 260 |
_aParis : _bSeuil, _c[1995] |
||
| 300 |
_a897 p. ; _c21 cm. |
||
| 650 |
_aEtiqueta. _912596 |
||
| 700 | 1 |
_aMontandon, Alain. _982359 |
|
| 852 |
_aES-MaACL _jL-20936 |
||
| 999 |
_c13682 _d13682 |
||